000 00809nam a2200289Ia 4500
005 20260324120204.0
008 008 260324s9999 xx 000 0 eng d
020 _a9780429225536
037 _aEBOOK
040 _aCRL
040 _beng
040 _cCRL
041 _2eng
041 _aeng
084 _qCRL
100 _aLiu Jian
_9659441
245 0 _aElectrical, Control Engineering and Computer Science
245 0 _bProceedings of the 2015 International Conference on Electrical, Control Engineering and Computer Science (ECECS 2015, Hong Kong, 30-31 May 2015)
260 _bTaylor and Francis
260 _c2015
365 _a
365 _b400
856 _uhttp://www.taylorfrancis.com/books/9780429225536
942 _cEBOOK
999 _c1748970
_d1748970